| 000 | 00664nam a22001937a 4500 | ||
|---|---|---|---|
| 005 | 20141127110602.0 | ||
| 010 | _aENG-111315 | ||
| 020 |
_a9789383098569 _c1995.00 |
||
| 035 | _aEN-94847 | ||
| 037 | _bDBAD/PUB | ||
| 082 | _a954.82 | ||
| 245 |
_aKodaikanal : _cedited by Pradeep Chakravarthy...[et al] _bvanishing heritage of an island in the sky / |
||
| 260 |
_aNew Delhi _bNiyogi Books _c2015 |
||
| 270 |
_aD-78, Okhla Industrial Area, Phase-I _bNew Delhi _e110020 |
||
| 300 |
_a240p. : _c24cm(Hb) _bcol. photos |
||
| 500 | _aIncludes bibliographical references and index | ||
| 700 | _aChakravarthy, Pradeep | ||
| 942 |
_2ddc _cEN _mCHA _h954.82 |
||
| 999 |
_c90210 _d90210 |
||